| 000 | 00736nam a2200229 i 4500 | ||
|---|---|---|---|
| 001 | 51901 | ||
| 003 | ES-MaACL | ||
| 005 | 20250910213326.0 | ||
| 007 | t| | ||
| 008 | 030820s1975 sp ||||1| spa d | ||
| 100 | 1 |
_aDarwin, Charles, _d1809-1882 _942770 |
|
| 245 | 1 | 0 |
_aTeoría de la evolución / _cCharles Darwin ; traducción de Jaume Fuster y María Antonia Oliver. |
| 250 | _a[3ª ed.]. | ||
| 260 |
_aBarcelona : _bPenínsula, _c1975. |
||
| 300 |
_a248 p. ; _c19 cm. |
||
| 490 | 1 | _aEdiciones de bolsillo | |
| 700 | 1 |
_aFuster, Jaume, _d1945-1998 _953081 |
|
| 700 | 1 |
_aOliver, María Antonia. _986823 |
|
| 830 | 0 |
_aEdiciones de bolsillo _9180756 |
|
| 852 |
_aES-MaACL _jE-8033 _bR.92184 |
||
| 999 |
_c51901 _d51901 |
||